Normal view MARC view

Entry Personal Name

Number of records used in: 1

001 - CONTROL NUMBER

  • control field: 228688

003 - CONTROL NUMBER IDENTIFIER

  • control field: OSt

005 - DATE AND TIME OF LATEST TRANSACTION

  • control field: 20250729165622.0

008 - FIXED-LENGTH DATA ELEMENTS

  • fixed length control field: 250729|| aca||aabn | a|a d

040 ## - CATALOGING SOURCE

  • Original cataloging agency: OSt
  • Transcribing agency: OSt

100 ## - HEADING--PERSONAL NAME

  • Personal name: Pro Digumurthi

670 ## - SOURCE DATA FOUND

  • Source citation: Work cat.: (OSt)238080: Prabhu Ethel 228686, A Handbook of Essays & Grammer for English Paper II of Standards VII,IX,X, 1992